Вып. 5 : Инженерно-геологическое районирование и закономерности формирования инженерно-геологических условий территории СССР; Гидрогеология СССР; Гидрогеологические и инженерно-геологические закономерности

Bibliographische Detailangaben
Parent link:Гидрогеология СССР
Гидрогеологические и инженерно-геологические закономерности: Сводный том в пяти выпусках с атласом карт/ Всесоюзный научно-исследовательский институт гидрогеологии и инженерной геологии; Гл. ред. А. В. Сидоренко. Вып. 5 : Инженерно-геологическое районирование и закономерности формирования инженерно-геологических условий территории СССР
Weitere Verfasser: Скворцов Г. Г. (редактор)
Sprache:Russisch
Veröffentlicht: 1975
Schlagworte:
Format: Buch
KOHA link:https://koha.lib.tpu.ru/cgi-bin/koha/opac-detail.pl?biblionumber=47722

MARC

LEADER 00000nam2a2200000 4500
001 47722
005 20231031030415.0
035 |a (RuTPU)RU\TPU\book\49860 
090 |a 47722 
100 |a 20030220d1975 k y0rusy50 ca 
101 0 |a rus 
102 |a RU 
105 |a y z 001zy 
200 0 |a Вып. 5 : Инженерно-геологическое районирование и закономерности формирования инженерно-геологических условий территории СССР  |f под ред. Г. Г. Скворцова 
210 |d 1975 
215 |a 264 с. 
320 |a Библиогр.: с. 258-259. 
320 |a Геогр. указ.: с. 260-264. 
461 1 |0 (RuTPU)RU\TPU\book\49821  |t Гидрогеология СССР 
461 |t Гидрогеологические и инженерно-геологические закономерности  |o Сводный том в пяти выпусках с атласом карт  |f Всесоюзный научно-исследовательский институт гидрогеологии и инженерной геологии; Гл. ред. А. В. Сидоренко  |v Вып. 5 : Инженерно-геологическое районирование и закономерности формирования инженерно-геологических условий территории СССР 
610 1 |a гидрогеология 
610 1 |a СССР 
610 1 |a инженерно-геологическая характеристика 
610 1 |a инженерно-геологические условия 
610 1 |a воды подземные 
610 1 |a инженерная геология 
675 |a 556.3(47+57)  |v 3 
702 1 |a Скворцов  |b Г. Г.  |4 340 
801 1 |a RU  |b 63413507  |c 20030220  |g PSBO 
801 2 |a RU  |b 63413507  |c 20190220  |g PSBO 
942 |c BK